[Event "28th Saxony Seniors Open-ch 2020"]
[Site "Dresden"]
[Date "2020.10.13"]
[Round "1.1"]
[White "Pruefer, Friedbert"]
[Black "Mueckan, Friedbert"]
[Result "1-0"]
[WhiteElo "2249"]
[BlackElo "1874"]
[Annotator "ChessBase"]
[PlyCount "33"]
[EventDate "2020.10.13"]
[EventType "swiss"]
[EventCountry "GER"]
[SourceTitle "playchess.com"]
[Source "ChessBase"]
[SourceQuality "1"]
[TimeControl "40/5400+30:1800+30"]

1. d4 {[%emt 0:00:00]} e6 {[%emt 0:00:00]} 2. Bf4 {[%emt 0:00:11]} d5 {[%emt 0:00:17]} 3. e3 {[%emt 0:00:47]} Bd6 {[%emt 0:00:13]} 4. Bg3 {[%emt 0:00:20]} Nf6 {[%emt 0:00:10]} 5. Nd2 {[%emt 0:00:36]} O-O {[%emt 0:01:27]} 6. Bd3 {[%emt 0:01:17]} Nc6 {[%emt 0:00:31]} 7. Ngf3 {[%emt 0:01:15]} Nb4 {[%emt 0:02:13]} 8. Be2 {[%emt 0:00:50]} Bxg3 {[%emt 0:05:06]} 9. hxg3 {[%emt 0:00:09]} Nc6 {[%emt 0:00:21]} 10. c3 {[%emt 0:01:17]} Qd6 {[%emt 0:00:09]} 11. Bb5 {[%emt 0:07:57]} Ne7 {[%emt 0:01:33]} 12. Ne5 {[%emt 0:02:08]} a6 {[%emt 0:05:58]} 13. Bd3 {[%emt 0:00:23]} c5 {[%emt 0:01:57]} 14. Bxh7+ {[%emt 0:03:14]} Kh8 {[%emt 0:06:55]} 15. Bc2+ {[%emt 0:03:54]} Kg8 {[%emt 0:00:19]} 16. g4 {[%emt 0:02:36]} g6 {[%emt 0:04:29]} 17. Qf3 1-0

[Event "28th Saxony Seniors Open-ch 2020"]
[Site "Dresden"]
[Date "2020.10.15"]
[Round "3.2"]
[White "Kyas, Juergen"]
[Black "Pfitzer, Norbert"]
[Result "1/2-1/2"]
[WhiteElo "2202"]
[BlackElo "2087"]
[Annotator "TA"]
[PlyCount "36"]
[EventDate "2020.10.13"]
[EventType "swiss"]
[EventCountry "GER"]
[SourceTitle "playchess.com"]
[Source "ChessBase"]
[SourceQuality "1"]

{[%evp 14,36,18,12,51,51,85,34,88,57,59,27,47,33,47,43,94,76,118,108,107,68,69,22,46]} 1. e4 d6 2. d4 Nf6 3. Nc3 e5 4. Nf3 exd4 5. Nxd4 Be7 6. Be2 O-O 7. O-O {7.Bf4 is more advanced technology.} Re8 8. f4 a6 {C41: Philidor Defence.} 9. Bf3 c5 10. Nb3 (10. Nf5 $16) 10... Qc7 (10... Be6 $14) 11. Be3 Nc6 {[#]} 12. h3 $146 ({Predecessor:} 12. Qe2 Bf8 13. Rad1 Bd7 14. h3 b5 15. Nd5 Nxd5 16. exd5 Nb4 17. c3 Nc2 {½-½ (17) Baskin,R (1940)-Schiff,A (2160) Gerlingen 2011}) 12... Bf8 13. Bf2 b5 14. Bh4 b4 (14... Rb8 $14) 15. Bxf6 $1 $16 {aiming for Nd5.} gxf6 16. Nd5 {[%mdl 64] [#] Double Attack} Qd8 17. a3 Rb8 18. axb4 Nxb4 {Av CentiPawn Loss W=-24/B=-25. Weighted=-25/-28} 1/2-1/2

[Event "28th Saxony Seniors Open-ch 2020"]
[Site "Dresden"]
[Date "2020.10.15"]
[Round "3.3"]
[White "Proschmann, Tino"]
[Black "Waltenberger, Udo"]
[Result "1-0"]
[WhiteElo "2108"]
[BlackElo "2053"]
[Annotator "TA"]
[PlyCount "105"]
[EventDate "2020.10.13"]
[EventType "swiss"]
[EventCountry "GER"]
[SourceTitle "playchess.com"]
[Source "ChessBase"]
[SourceQuality "1"]

{[%evp 15,105,16,25,-10,0,-22,-12,-20,-25,-16,335,300,305,155,169,171,173,178,170,122,116,111,115,108,118,115,105,107,119,122,128,91,78,79,85,73,171,164,218,195,164,93,84,59,277,277,359,358,370,341,460,460,445,456,481,407,450,442,873,868,1025,547,464,406,847,763,847,864,1584,1387,1441,0,895,848,5073,4986,2324,963,2880,2101,1691,1691,439,1111,29958,29957,29964,29962,29967,29962,29939,29939]} 1. e4 c5 2. Nf3 d6 3. d4 cxd4 4. Nxd4 Nf6 5. Nc3 a6 6. Be2 Nbd7 7. O-O g6 8. f4 Bg7 9. Kh1 {B93: Sicilian Najdorf: 6 f4.} b5 10. e5 dxe5 11. Nc6 {The position is equal.} Qc7 12. fxe5 {[#]} Ng8 $146 {[%mdl 8192]} (12... Nxe5 $11 {and Black is okay.} 13. Bf4 Qxc6 14. Bxe5 Qe6) ({Predecessor:} 12... Nxe5 13. Nxe5 Qxe5 14. Bf4 Qc5 15. Bf3 Ra7 16. Qe2 Rd7 17. Be3 Qc7 18. Rab1 O-O {½-½ (72) Casado Garcia,A-Ragel Guitarte,L Spain 1984}) 13. Bf3 {And now Nd5 would win.} Bb7 {[#]} 14. Nd5 (14. Na5 $1 $18 {[%mdl 512]}) 14... Qc8 $16 15. Ndxe7 Nxe7 16. Nxe7 Bxf3 17. Nxc8 Bxd1 18. Nd6+ {[%mdl 64] Double Attack} Ke7 19. Bg5+ ({Much worse is} 19. Rxd1 $6 Nxe5 20. Bd2 Kxd6 $11) 19... f6 20. exf6+ ({Of course not} 20. Raxd1 $6 Nxe5 21. Bd2 Rhd8 $11) 20... Bxf6 21. Bxf6+ Nxf6 22. Raxd1 {aiming for Rfe1+.} Rhd8 23. Rde1+ Kxd6 24. Rxf6+ {[%mdl 4096] Endgame KRR-KRR} Kc5 25. h3 Rd2 (25... Rf8 $16 26. Re5+ Kd4) 26. Re7 $18 Rc8 (26... Kd5 $142) 27. Rxh7 Rxc2 {[#]} 28. Rxg6 (28. Ra7 $1 $18) 28... Rxb2 $16 29. a3 Kd5 $2 ({Better is} 29... Rc6 $14 30. Rxc6+ Kxc6) 30. Ra7 $18 ({Less strong is} 30. Rxa6 Rg8 $16) 30... Rcc2 31. Raxa6 Ke5 32. h4 Rc4 33. Rg5+ Kd4 34. Kh2 Ke3 35. Kh3 Kf2 36. Rf6+ Kg1 (36... Ke2 $142 37. h5 Rb1) 37. Rf3 Rcc2 38. Rd5 {[%cal Rd5d1]} Rb1 39. Rfd3 Rbb2 (39... Kf2 $142 40. Rf3+ Kg1) 40. Rg5 Rb1 41. h5 Kf2 42. Rf3+ Kg1 43. Rd3 Kf2 $1 44. Kh2 Rc4 45. Rf3+ Ke2 46. Rh3 (46. h6 $142 Rc7 47. Rg7) 46... Rcc1 47. Re5+ Kd2 48. h6 Rh1+ 49. Kg3 Rb3+ 50. Kg4 {White mates.} Rhxh3 51. gxh3 Rxa3 52. h7 Ra8 53. Rxb5 {Av CentiPawn Loss W=-70/B=-70. Weighted=-81/-146} 1-0

[Event "28th Saxony Seniors Open-ch 2020"]
[Site "Dresden"]
[Date "2020.10.15"]
[Round "3.4"]
[White "Pruefer, Friedbert"]
[Black "Steinert, Frank"]
[Result "1/2-1/2"]
[WhiteElo "2249"]
[BlackElo "1939"]
[Annotator "TA"]
[PlyCount "83"]
[EventDate "2020.10.13"]
[EventType "swiss"]
[EventCountry "GER"]
[SourceTitle "playchess.com"]
[Source "ChessBase"]
[SourceQuality "1"]

{[%evp 9,83,60,78,65,62,58,50,62,79,79,82,0,0,-33,28,28,35,62,75,66,66,66,79,76,68,73,63,66,69,68,139,85,85,70,125,77,81,81,81,81,102,112,138,89,109,77,96,0,0,0,0,0,0,0,29,29,48,35,96,90,114,114,116,98,116,60,51,12,85,54,54,0,0,0,22,19]} 1. d4 c5 2. d5 Nf6 3. Bg5 d6 4. Nc3 Nbd7 5. e4 h6 6. Be3 {A45: Trompowsky Attack.} a6 7. a4 {[#]} Qa5 $146 ({Predecessor:} 7... g6 8. Nf3 Bg7 9. Nd2 O-O 10. Be2 Re8 11. O-O Nf8 12. Nc4 b6 13. f4 Bb7 {1-0 (27) Erigaisi,A (2559)-Mohammad Fahad,R (2319) chess.com INT 2020}) 8. Bd2 {White is slightly better.} Qc7 9. f4 g5 10. fxg5 (10. g3 $16) 10... hxg5 $11 11. Bxg5 Ne5 (11... Qa5 $15 12. Bd2 Qb4) 12. Nf3 Bg4 13. Be2 Ng6 14. Nd2 Bxe2 15. Qxe2 Nd7 16. Nc4 Bg7 17. Nd1 O-O-O 18. Bd2 Rdg8 19. Nde3 Be5 (19... Kb8 $14) 20. Nxe5 (20. Ba5 $142 b6 21. Nxe5 Ngxe5 22. Bc3 (22. Qxa6+ Qb7 $16)) 20... Ndxe5 $16 21. g3 Qd7 (21... Rh3 $14) 22. b3 {[%cal Bb2b3,Bb3b4][%mdl 32]} Qh3 23. O-O-O Kb8 24. Kb1 Rc8 25. Bc3 c4 {Black wants to play ...cxb3.} 26. b4 ({Don't take} 26. Nxc4 $6 Nxc4 27. bxc4 f6 $11) 26... Qd7 27. a5 Qa4 28. Kb2 (28. h4 $16) 28... Nd3+ $1 $11 29. cxd3 Qb3+ 30. Ka1 Qxc3+ 31. Qb2 cxd3 (31... Qxb2+ {seems wilder.} 32. Kxb2 Ne5 33. d4 Nd3+ 34. Kc2 Nf2) 32. Qxc3 Rxc3 33. Kb2 $36 {[%mdl 2048] White has some pressure.} Rcc8 (33... Rhc8 $14 34. Rc1 Rxc1 35. Rxc1 Rh8) 34. Rxd3 $16 Rh3 {[#]} 35. Rd2 $1 Rch8 36. Nf5 Kc7 37. Rg2 ({White should try} 37. Rc2+ $16 Kd7 38. Kb1) 37... Kd7 $14 38. Kc3 e6 (38... Ne5 $1 $11 {remains equal.}) 39. dxe6+ fxe6 40. Nd4 ({White should play} 40. Ne3 $14) 40... Ne5 $11 41. Kd2 R8h5 42. Ke2 {Av CentiPawn Loss W=-16/B=-14. Weighted=-20/-13} 1/2-1/2

[Event "28th Saxony Seniors Open-ch 2020"]
[Site "Dresden"]
[Date "2020.10.15"]
[Round "3.5"]
[White "Kempe, Rainer"]
[Black "Weidlich, Guenter"]
[Result "0-1"]
[WhiteElo "1936"]
[BlackElo "2172"]
[Annotator "TA"]
[PlyCount "138"]
[EventDate "2020.10.13"]
[EventType "swiss"]
[EventCountry "GER"]
[SourceTitle "playchess.com"]
[Source "ChessBase"]
[SourceQuality "1"]

{[%evp 9,138,38,66,-16,-15,-25,-20,-39,-40,-39,-35,-66,-69,-66,-72,-68,-65,-91,-95,-127,-113,-107,-97,-97,-60,-90,-70,-81,-79,-97,-79,-108,-111,-119,-88,-156,-155,-164,-140,-164,-165,-180,-181,-168,-166,-288,-280,-287,-207,-203,-216,-208,-208,-220,-192,-229,-231,-218,-216,-274,-229,-227,-231,-251,-182,-232,-129,-129,-126,-141,-139,-168,-128,-134,-137,-156,-140,-162,-92,-124,-124,-169,-150,-176,-176,-176,-176,-176,-176,-198,-202,-206,-206,-206,-181,-188,-185,-206,-206,-206,-206,-304,-316,-322,-231,-293,-206,-321,-213,-393,-422,-461,-443,-915,-939,-931,-929,-954,-920,-6474,-6939,-1866,-1570,-29972,-29973,-5631,-6544,-29992,-29972,-2433,-908]} 1. e4 g6 2. d4 c6 3. Nf3 d6 4. Bg5 Bg7 5. Bd3 Qb6 {[#]} 6. b3 $146 {B06: Modern Defence.} ({Better is} 6. Nbd2 $14) ({Predecessor:} 6. Qc1 Bxd4 7. Nxd4 Qxd4 8. Nc3 Qb6 9. O-O Nd7 10. Kh1 Ne5 11. Be2 h5 12. h3 {1-0 (30) Ramos Sanchez,M (1833)-Vasilev,V (1966) Spain 2011}) 6... Bxd4 $11 7. Nxd4 Qxd4 8. c3 {The position is equal.} Qg7 9. O-O Nf6 10. Qc1 h6 11. Be3 Ng4 12. Bd2 Ne5 13. Bc2 {[#]} g5 $1 14. c4 Be6 15. Nc3 {[%cal Bb1c3,Bc3e2,Be2g3,Bg3f5][%mdl 32]} Nbd7 16. Ne2 Ng6 17. Kh1 Nde5 18. Ng3 f6 19. f3 h5 20. Be3 c5 21. Nf5 Qf7 22. g3 (22. Rd1 $142) 22... h4 {aiming for ...Bxf5.} 23. g4 Nc6 24. h3 O-O-O 25. Bd3 Kb8 26. Qd2 Bc8 {...e6 is the strong threat.} 27. Bg1 (27. f4 {might work better.} Nxf4 28. Bxf4 gxf4 29. Rxf4) 27... Nf4 28. Bh2 Nxh3 29. Kg2 {[#]} Nf4+ $1 30. Bxf4 gxf4 31. Qxf4 Ne5 32. Be2 e6 33. Ne3 Qg6 34. Kh3 Rdf8 35. Rg1 Qg5 36. Ng2 Rfg8 37. Qe3 {Threatening f4.} Qxe3 ({Black should try} 37... Qg7 $19 38. Rad1 f5) 38. Nxe3 $17 Ng6 39. Ng2 f5 40. Rgf1 f4 41. Rfd1 Kc7 42. Rd2 Rd8 43. a4 Kd7 (43... e5 $19 44. Ne1 Ne7) 44. Rad1 Ke7 45. Bf1 Rh7 46. Bd3 {Black must now prevent e5!} e5 47. Ne1 Nf8 48. Bf1 Ne6 49. Rh2 Rg8 50. Kg2 Bd7 51. Kf2 Bc6 52. Nc2 Rb8 53. Na3 a6 54. Bd3 Kf6 55. Bf1 (55. Nc2 {was called for.}) 55... Nd4 $19 56. Rb1 b6 57. Bd3 Kg5 58. Kg2 (58. Nc2 $142) 58... Rhb7 59. Rhh1 $2 (59. Nc2 {was necessary.}) 59... b5 60. axb5 axb5 61. Rhd1 (61. cxb5 $142 Bxb5 62. Nxb5 Nxb5 63. Bc4) 61... bxc4 62. Nxc4 Rxb3 63. Rxb3 Rxb3 64. Nxd6 Rb2+ 65. Kh3 Nxf3 {[%csl Gf3][%cal Rb2h2]} 66. Rh1 Rd2 67. Nf7+ Kf6 68. Nd8 Rxd3 69. Nxc6 Nd4+ {Av CentiPawn Loss W=826/B=-13. Weighted=249/-16} (69... Kg5 $142 70. Rc1 Nd4+ 71. Kg2 Nxc6) 0-1

[Event "28th Saxony Seniors Open-ch 2020"]
[Site "Dresden"]
[Date "2020.10.15"]
[Round "3.6"]
[White "Kreutzkamp, Hans-Rudolf"]
[Black "Stierle, Martin"]
[Result "1-0"]
[WhiteElo "2046"]
[BlackElo "1805"]
[Annotator "TA"]
[PlyCount "85"]
[EventDate "2020.10.13"]
[EventType "swiss"]
[EventCountry "GER"]
[SourceTitle "playchess.com"]
[Source "ChessBase"]
[SourceQuality "1"]

{[%evp 9,85,4,34,-13,43,0,44,39,62,25,25,-84,-83,-76,-86,-118,-116,-116,-89,-130,-53,-77,-58,-61,-55,-147,-45,-56,-39,-51,-40,-83,0,-71,139,139,139,139,222,227,212,218,225,214,208,211,225,145,145,131,166,108,117,106,105,92,90,80,188,183,327,331,331,338,335,333,335,325,324,322,416,423,400,400,400,379,362,338]} 1. e4 e6 2. d4 d5 3. e5 c5 4. c3 Nc6 5. Nf3 Nh6 6. Be2 {C02: French: Advance Variation.} cxd4 (6... Nf5 $11) 7. cxd4 (7. Bxh6 {feels hotter.} gxh6 8. cxd4 f6 9. Nbd2 Bg7 10. O-O) 7... f6 {[#]} 8. Bxh6 $146 {White is slightly better.} ({Predecessor:} 8. Nc3 Nf7 9. O-O fxe5 10. Nxe5 Nfxe5 11. dxe5 Bc5 12. Bf4 O-O 13. Bg3 a6 14. Rc1 {1-0 (28) Van Assendelft,F (2227)-Dehmel,J (2118) Pardubice 2008}) 8... gxh6 9. exf6 Qxf6 10. Ne5 (10. O-O $11) 10... Nxe5 $17 11. dxe5 Qxe5 12. O-O Bd6 {[%csl Gd6][%cal Re5h2]} 13. Bh5+ {[#]} Kd8 $1 {[%csl Gd6][%cal Re5h2]} 14. g3 Bd7 (14... Qxb2 $17 15. Nd2 Qg7) 15. Nc3 $15 Rf8 16. Bg4 Bc5 17. Qc2 ({White should try} 17. Qd2 $15) 17... Qd4 (17... h5 $17 18. Qe2 Qxe2 19. Bxe2 h4 $1 {[%mdl 512]}) 18. Bh3 Rc8 19. Rad1 $1 {[%cal Rd1d4]} Qg7 20. Qe2 Qf6 {[#]} (20... Re8 $17) 21. Rd2 (21. Nxd5 $1 $11 {[%mdl 512]} exd5 22. Rxd5) 21... Bb4 $2 {[#]} (21... Rf7 $17 {stays on course.}) 22. Nxd5 $1 $16 {[%mdl 512]} exd5 23. Rxd5 {[%csl Gh3][%cal Rd5d7]} Rc7 (23... Bd6 $16 {might work better.}) 24. Bxd7 $18 Rxd7 25. Rxd7+ Kxd7 26. Qb5+ Kc7 27. Qxb4 {[%mdl 4096] Endgame KQR-KQR} Kb8 28. Qc3 Qxc3 29. bxc3 $16 {KR-KR} Rc8 {[#]} 30. Rc1 (30. f4 $1 $18) 30... Rc4 31. Kf1 Kc7 32. Ke2 h5 33. Kd3 b5 (33... Ra4 $16 {keeps fighting.}) 34. Rb1 $18 Ra4 (34... Rc5 $142 35. Rb4 Kd6) 35. Rxb5 h4 36. Rb4 Rxa2 {intending ...hxg3.} 37. Rxh4 Rxf2 38. Rxh7+ Kb6 {If Black can now play ...a5 this consolidates a bit.} 39. Kc4 a5 40. Rh6+ Kb7 {Black hopes to continue with ...Rb2.} 41. Kb5 {White is winning.} Rf5+ 42. Ka4 Rg5 43. Rf6 {Av CentiPawn Loss W=-21/B=-29. Weighted=-28/-41} 1-0

[Event "28th Saxony Seniors Open-ch 2020"]
[Site "Dresden"]
[Date "2020.10.16"]
[Round "4.1"]
[White "Schmidt, Joerg"]
[Black "Proschmann, Tino"]
[Result "1-0"]
[WhiteElo "2010"]
[BlackElo "2108"]
[Annotator "TA"]
[PlyCount "103"]
[EventDate "2020.10.13"]
[EventType "swiss"]
[EventCountry "GER"]
[SourceTitle "playchess.com"]
[Source "ChessBase"]
[SourceQuality "1"]

{[%evp 18,103,-5,-45,-30,-31,-17,-23,0,-12,-17,-20,-14,-18,-4,-13,-23,-68,-17,-16,-8,-6,-12,-10,0,-8,0,0,9,10,13,14,25,12,30,33,34,0,12,0,0,0,11,0,0,0,0,0,4,4,6,5,45,20,200,200,189,46,36,0,0,0,0,0,18,18,1392,1523,1492,1423,1197,1122,1068,980,5302,2880,12837,12837,12838,2016,12843,12843,12843,12844,12845,12846,12847,12845]} 1. Nf3 c5 2. e4 e6 3. d4 cxd4 4. Nxd4 Nc6 5. Be3 Nf6 6. Nc3 Bb4 7. Nxc6 bxc6 8. Bd3 d5 9. exd5 exd5 10. Bd2 O-O {B45: Sicilian Four Knights.} 11. O-O {[#]} a5 $146 ({Predecessor:} 11... Bg4 12. Qc1 Nd7 13. h3 Be6 14. Qd1 Bd6 15. Qh5 g6 16. Qh6 Ne5 17. Rfe1 Nxd3 18. cxd3 {0-1 (47) Kiolbasa,O (2160)-Maltsevskaya,A (2272) chess.com INT 2020}) 12. Bg5 Qd6 {Black has an edge.} 13. Qf3 ({But not} 13. Bxf6 Qxf6 14. Na4 Rb8 $17) 13... Bg4 14. Qg3 Qxg3 15. hxg3 Nd7 16. f3 Be6 17. g4 Rfe8 (17... a4 $15 18. a3 Bc5+ 19. Kh1 Ne5) 18. Na4 $11 Nc5 19. Nxc5 Bxc5+ 20. Kh2 Reb8 21. b3 Bd4 22. Rad1 Bc3 23. Bd2 Be5+ 24. g3 Bd6 25. Bf4 Bxf4 26. gxf4 a4 27. f5 Bd7 28. Rfe1 axb3 29. axb3 Re8 30. Kg3 f6 31. Ra1 Kf7 32. Rxe8 Rxa1 {[%mdl 4096] Endgame KRB-KRB} 33. Rb8 h6 34. Kf4 Ra7 35. b4 c5 $2 (35... Ke7 $11 {and Black stays safe.}) 36. bxc5 $18 Rc7 37. Bb5 (37. c4 $1 $18) 37... Ke7 $1 $14 38. c6 Bxc6 39. Bxc6 Rxc6 $11 {KR-KR} 40. Rb7+ Kd6 41. Rxg7 {Strongly threatening Rf7.} Rxc2 $2 {[%mdl 8192] [#]} (41... h5 $11) 42. Rf7 $1 $18 {[%cal Rf7f6] White is clearly winning.} Rc4+ {[#]} 43. Kg3 $1 Ke5 44. Re7+ Kd4 45. Re6 Kc3 46. Rxf6 d4 47. Rxh6 d3 48. f6 d2 49. Rh1 Rc6 50. g5 Re6 51. Rd1 Re5 52. Kf4 {Av CentiPawn Loss W=-59/B=-97. Weighted=-50/-69} 1-0

[Event "28th Saxony Seniors Open-ch 2020"]
[Site "Dresden"]
[Date "2020.10.16"]
[Round "4.2"]
[White "Appelt, Gerd"]
[Black "Kyas, Juergen"]
[Result "1/2-1/2"]
[WhiteElo "1997"]
[BlackElo "2202"]
[Annotator "TA"]
[PlyCount "44"]
[EventDate "2020.10.13"]
[EventType "swiss"]
[EventCountry "GER"]
[SourceTitle "playchess.com"]
[Source "ChessBase"]
[SourceQuality "1"]

{[%evp 20,44,-14,0,-9,-9,0,-27,-23,-15,-18,-17,0,0,47,-43,-34,-35,-14,-35,-30,-38,-6,-12,-24,-41,0]} 1. d4 Nf6 2. Nf3 g6 3. e3 Bg7 4. Bd3 d5 5. O-O Nbd7 6. Nbd2 c5 7. c3 O-O 8. Re1 Qc7 9. e4 dxe4 10. Nxe4 Nxe4 11. Bxe4 cxd4 {D04: Colle System.} 12. Nxd4 Nc5 13. Bc2 e5 {[#] Black has an edge.} 14. Nb3 $146 ({Predecessor:} 14. Nb5 Qc6 15. Na3 Be6 16. Qe2 Bd5 17. f3 Rfe8 18. c4 Be6 19. Rb1 e4 20. fxe4 {0-1 (28) Teichmann,F (1893)-Graf,A (2597) Leipzig 2015}) 14... Rd8 15. Qe2 Na4 16. Nd2 Bd7 17. Bb3 ({Better is} 17. Ne4 $14) 17... Nc5 $1 $15 18. Bc2 Be6 19. Ne4 Nxe4 20. Qxe4 Rd7 21. Ba4 Rd6 22. Qh4 f6 {Av CentiPawn Loss W=-14/B=-13. Weighted=-15/-14} 1/2-1/2

[Event "28th Saxony Seniors Open-ch 2020"]
[Site "Dresden"]
[Date "2020.10.16"]
[Round "4.3"]
[White "Weidlich, Guenter"]
[Black "Kreutzkamp, Hans-Rudolf"]
[Result "1/2-1/2"]
[WhiteElo "2172"]
[BlackElo "2046"]
[Annotator "TA"]
[PlyCount "70"]
[EventDate "2020.10.13"]
[EventType "swiss"]
[EventCountry "GER"]
[SourceTitle "playchess.com"]
[Source "ChessBase"]
[SourceQuality "1"]

{[%evp 15,70,0,0,0,20,30,38,47,45,32,65,43,48,40,39,10,48,46,43,42,68,43,56,58,72,69,72,72,191,191,191,190,210,57,62,38,47,0,9,15,16,19,14,0,0,0,44,45,49,0,21,0,8,0,0,0,0]} 1. Nf3 b6 2. d4 Bb7 3. Bf4 Nf6 4. e3 d6 5. c4 Nbd7 6. Nc3 g6 7. h3 Bg7 8. Be2 O-O 9. Qc2 {E61: King's Indian: Early deviations for White, including Smyslov System.} Re8 10. O-O a6 11. Rfd1 {White is slightly better.} e6 {[#]} 12. Bh2 $146 ({Predecessor:} 12. Rab1 Qe7 13. b4 e5 14. Bh2 exd4 15. exd4 Ne4 16. Re1 Qf6 17. Nd5 Qd8 18. Bd3 {1-0 (42) Biermann,L (1836)-Doerr,M (1623) Dortmund 2016}) 12... Rc8 13. b4 Qe7 14. Rab1 e5 15. d5 Ra8 16. Nd2 a5 17. a3 {[%cal Ba2a3,Ba3b4][%mdl 32]} h6 18. Nb3 axb4 19. axb4 Nh7 20. e4 Rf8 21. Ra1 f5 (21... Rfb8 $16 {is a better defense.}) 22. Rxa8 $18 Bxa8 23. Nb5 Ndf6 24. f3 $2 {[#]} ({Better is} 24. exf5 $18 g5 25. Ra1) 24... fxe4 $14 25. fxe4 Ng5 26. Bd3 Nh5 27. Rf1 Bb7 28. Rxf8+ Bxf8 29. Nd2 Bc8 30. Bf1 Bg7 31. Qa2 Kh7 32. Qc2 (32. h4 $5 {[%cal Rh4g5]} Nf7 33. Qa7 $14) 32... Kh8 {The position is equal.} 33. Nc3 Kh7 34. Ne2 Bd7 35. Qd3 Qf8 {Av CentiPawn Loss W=-14/B=-14. Weighted=-13/-15} 1/2-1/2

[Event "28th Saxony Seniors Open-ch 2020"]
[Site "Dresden"]
[Date "2020.10.16"]
[Round "4.4"]
[White "Pfitzer, Norbert"]
[Black "Pruefer, Friedbert"]
[Result "0-1"]
[WhiteElo "2087"]
[BlackElo "2249"]
[Annotator "TA"]
[PlyCount "32"]
[EventDate "2020.10.13"]
[EventType "swiss"]
[EventCountry "GER"]
[SourceTitle "playchess.com"]
[Source "ChessBase"]
[SourceQuality "1"]

{[%evp 18,32,53,15,29,0,3,-213,-203,-219,-203,-303,200,203,204,211,1190]} 1. Nf3 Nf6 2. d4 g6 3. g3 Bg7 4. Bg2 O-O 5. O-O d5 6. c4 dxc4 7. Na3 c3 8. bxc3 c5 9. Bb2 {9.Bb2 is the recent fashion. Played by Shakhriyar Mamedyarov in June 2020.} Nc6 10. Nc4 Qc7 {[#] D77: Fianchetto Grünfeld: 6 0-0: Replies other than 6...c6.} 11. Rc1 $146 ({Predecessor:} 11. Nfe5 Be6 12. Nxc6 Bxc4 13. Ne5 Bd5 14. f3 Nd7 15. Nxd7 Qxd7 16. Qd2 Bc6 17. e3 e5 18. Qf2 {½-½ (46) Nguyen,H (1974)-Pham,H (2100) Hue 2012}) 11... Be6 12. Qa4 $2 {[#]} (12. Ncd2 $11 {and White is okay.}) 12... b5 $1 $19 {[%cal Rb5a4][%mdl 512] Black is clearly better.} 13. Qxb5 {And now Nfd2 would win.} Rab8 14. Qxc5 (14. Qa4 {is a better defense.} Bxc4 15. Qxc4) 14... Bxc4 $4 {[%mdl 8192]} (14... Ne4 $19 {and life is good for Black.} 15. Qa3 Bxc4) 15. Qxc4 $18 Rxb2 16. Ne5 $1 Nb8 $2 {[%mdl 32768] Loss on time!?} (16... Nd7) 0-1

[Event "28th Saxony Seniors Open-ch 2020"]
[Site "Dresden"]
[Date "2020.10.16"]
[Round "4.5"]
[White "Koehler, Gerhard"]
[Black "Borkhardt, Arndt"]
[Result "1-0"]
[WhiteElo "2211"]
[BlackElo "1949"]
[Annotator "TA"]
[PlyCount "99"]
[EventDate "2020.10.13"]
[EventType "swiss"]
[EventCountry "GER"]
[SourceTitle "playchess.com"]
[Source "ChessBase"]
[SourceQuality "1"]

{[%evp 20,99,34,0,37,-18,0,-4,18,17,39,33,62,42,100,81,126,18,29,29,50,32,43,21,11,14,32,14,27,0,0,0,6,11,57,9,24,0,11,42,187,124,122,138,123,118,189,187,229,178,197,181,178,106,116,108,177,141,139,143,145,202,181,150,151,170,260,270,260,270,243,219,257,211,395,389,379,354,510,504,406,395]} 1. c4 e5 2. g3 Nf6 3. Bg2 d5 4. cxd5 Nxd5 5. Nc3 Nb6 6. Nf3 Nc6 7. O-O Be7 8. Rb1 a5 9. d3 O-O 10. Be3 Be6 11. a3 f6 {A29: English Opening: Four Knights Variation with 4 g3.} 12. Ne4 {[#]} (12. Bxb6 $14 cxb6 13. Nd2) 12... Nd5 $146 ({Predecessor:} 12... Nd4 13. Bxd4 exd4 14. Rc1 c6 15. Qc2 Qd7 16. Nc5 Bxc5 17. Qxc5 Qc7 18. Nxd4 Bf7 19. Nb5 {1-0 (45) Ludwiczak,V (1875)-Sere,N (1753) Europe Chess INT 2020}) 13. Bc5 Rb8 {The position is equal.} 14. Qc2 Bf7 15. e3 Bd6 16. d4 Re8 (16... Bxc5 $14 17. Qxc5 exd4) 17. dxe5 Nxe5 18. Nh4 (18. Rbd1 $16) 18... Bxc5 $11 19. Nxc5 {Rfd1 is the strong threat.} c6 20. Nf5 b6 21. Ne4 {Threatens to win with Ned6.} Bg6 22. Nh4 Bf7 23. h3 Qd7 24. Nd2 Qe6 25. e4 Nc7 26. f4 Nd7 27. Rbc1 Nc5 28. b4 $36 {[%mdl 2048] White has the initiative.} axb4 29. axb4 Nb3 (29... N5a6 $1 $14) 30. Nxb3 (30. f5 $18 Qd6 31. Nxb3) 30... Qxb3 $16 31. Qxb3 Bxb3 32. Rxc6 Ne6 (32... Nb5 $16) 33. Nf5 $18 b5 34. Nd6 Nd4 35. Rc7 ({But not} 35. Nxe8 $6 Nxc6 36. e5 Nxe5 $16) 35... Re6 {[#]} 36. Nb7 (36. Rd7 $1 $18) 36... Rc6 $16 37. Rd7 Nc2 (37... Ne2+ $16 38. Kh2 Rc3) 38. e5 Rc3 39. exf6 gxf6 40. Nc5 Ne3 41. Re1 {Hoping for Ne4.} Nxg2 42. Kxg2 Bc4 (42... Bc2 $142 43. g4 Ra8) 43. Ne4 $18 Rc2+ 44. Kf3 Rf8 {[#]} 45. f5 $1 Rf7 46. Rxf7 Bxf7 $2 (46... Kxf7 47. Ke3 Ba2) 47. Nxf6+ Kg7 48. Ne8+ Bxe8 (48... Kf8 $142) 49. Rxe8 Rc4 50. Re4 {Av CentiPawn Loss W=-15/B=-22. Weighted=-17/-25} 1-0